[Event "CAN-op U1800"]
[Site "Regina CAN"]
[Date "2019.07.17"]
[Round "8.46"]
[White "Li, Avery"]
[Black "Sorgard, William"]
[Result "1-0"]
[WhiteElo "1365"]
[BlackElo "845"]
[PlyCount "131"]
[EventDate "2019.07.12"]
[EventType "swiss"]
[EventRounds "9"]
[EventCountry "CAN"]

1. d4 d5 2. c4 Nc6 3. Nc3 Nf6 4. Nf3 e6 5. Bf4 a6 6. h3 Bd6 7. Bxd6 cxd6 8. e3
O-O 9. Bd3 Nb4 10. O-O Bd7 11. a3 Nxd3 12. Qxd3 Rb8 13. cxd5 exd5 14. Rac1 Re8
15. Rc2 Ne4 16. Rfc1 Nxc3 17. Rxc3 Rc8 18. Rxc8 Bxc8 19. Qb3 h6 20. Qxd5 Re6
21. Qc4 Re8 22. Qc7 Qf6 23. Nd2 Qg6 24. Kh1 Bf5 25. Qxb7 Be4 26. Nxe4 Rxe4 27.
Qxa6 Re6 28. Qe2 f5 29. Qf3 Re4 30. Rc8+ Kh7 31. Rf8 Re7 32. Qxf5 Qxf5 33. Rxf5
Rb7 34. b4 g6 35. Rf6 Ra7 36. Rxd6 Rxa3 37. Kh2 Rb3 38. Rb6 g5 39. Kg3 h5 40.
h4 g4 41. Kh2 Rb2 42. Kg1 Rb1+ 43. Kh2 Rb2 44. Kg3 Kg7 45. Rb5 Kg6 46. Rg5+ Kf6
47. b5 Ke7 48. Rxh5 Kd7 49. Rg5 Kc7 50. h5 Kb6 51. h6 Ra2 52. h7 Ra8 53. Kxg4
Ka5 54. Rh5 Rh8 55. Kf3 Rf8+ 56. Ke2 Rh8 57. g4 Kb4 58. g5 Kc3 59. g6 Kc2 60.
g7 Rb8 61. g8=Q Rxg8 62. hxg8=Q Kb2 63. Qf8 Kc2 64. Qa3 Kb1 65. Rh1+ Kc2 66.
Rc1# 1-0

[Event "CAN-op U1800"]
[Site "Regina CAN"]
[Date "2019.07.17"]
[Round "8.47"]
[White "Gilroy, Shane"]
[Black "Gao, Sean"]
[Result "1-0"]
[WhiteElo "1328"]
[BlackElo "807"]
[PlyCount "185"]
[EventDate "2019.07.12"]
[EventType "swiss"]
[EventRounds "9"]
[EventCountry "CAN"]

1. e4 e5 2. Nf3 Nc6 3. Bb5 Bc5 4. O-O Nf6 5. Re1 O-O 6. c3 a6 7. Ba4 Ng4 8. Re2
d5 9. Bxc6 bxc6 10. d4 dxe4 11. Rxe4 Bf5 12. Re1 exd4 13. cxd4 Bb6 14. h3 Nf6
15. Nc3 c5 16. d5 Qd6 17. Bg5 c4 18. Nh4 Qg3 19. Qf3 Qxg5 20. Nxf5 Qd2 21. Re2
Qg5 22. h4 Qg4 23. Nh6+ gxh6 24. Qxf6 Qg6 25. Ne4 Qg4 26. Qxh6 Qg6 27. Nf6+ Kh8
28. Qxg6 fxg6 29. Nd7 Rfd8 30. Nxb6 cxb6 31. Rd1 Rd7 32. d6 Rad8 33. Red2 Kg7
34. Rd4 b5 35. a4 bxa4 36. Rxc4 Rxd6 37. Rxd6 Rxd6 38. Rxa4 Rb6 39. b4 Kh6 40.
Kf1 Kh5 41. Kg1 h6 42. g3 g5 43. hxg5 hxg5 44. Kg2 Rb5 45. f3 g4 46. f4 Kg6 47.
Rxa6+ Kf7 48. Ra4 Ke6 49. Kf2 Kf6 50. Ke3 Ke6 51. Ke4 Kf6 52. Kd4 Ke6 53. Kc4
Rh5 54. Ra6+ Kd7 55. Ra5 Rh6 56. b5 Rh8 57. Ra7+ Kd6 58. Ra6+ Kc7 59. Kc5 Rh5+
60. Kc4 Kb7 61. Rg6 Rh7 62. Rxg4 Rc7+ 63. Kb4 Kb6 64. Rg6+ Kb7 65. g4 Rf7 66.
f5 Re7 67. Re6 Rd7 68. Kc5 Rc7+ 69. Kd5 Rd7+ 70. Kc5 Rc7+ 71. Kb4 Rd7 72. g5
Rd5 73. Rf6 Rd4+ 74. Kc5 Rd7 75. g6 Kc7 76. Rf7 Kd8 77. Rxd7+ Kxd7 78. Kd5 Ke7
79. Ke5 Kf8 80. b6 Kg7 81. Ke6 Kh6 82. Kf6 Kh5 83. b7 Kg4 84. b8=Q Kf3 85. g7
Ke4 86. g8=Q Kd4 87. Qb5 Ke4 88. Qg4+ Ke3 89. Qb3+ Kf2 90. Qbf3+ Ke1 91. Qge4+
Kd2 92. Qee2+ Kc1 93. Qff1# 1-0

[Event "CAN-op U1800"]
[Site "Regina CAN"]
[Date "2019.07.17"]
[Round "8.48"]
[White "Chen, Helen"]
[Black "Trinh, Khoi"]
[Result "0-1"]
[WhiteElo "1512"]
[BlackElo "994"]
[PlyCount "74"]
[EventDate "2019.07.12"]
[EventType "swiss"]
[EventRounds "9"]
[EventCountry "CAN"]

1. e4 c6 2. d4 d5 3. exd5 cxd5 4. c4 e6 5. Nf3 Nf6 6. Nc3 Bb4 7. Bd2 Nbd7 8. a3
Bxc3 9. bxc3 O-O 10. Bg5 b6 11. cxd5 exd5 12. Be2 Bb7 13. O-O Qc7 14. Rc1 Rfe8
15. Re1 Ne4 16. Bd2 Re7 17. c4 Nxd2 18. Qxd2 Qd6 19. Qb2 Rb8 20. Qb4 Qxb4 21.
axb4 Rbe8 22. Kf1 dxc4 23. Bxc4 Bxf3 24. gxf3 Rxe1+ 25. Rxe1 Rxe1+ 26. Kxe1 Kf8
27. Ke2 Nf6 28. Ke3 g5 29. h3 Kg7 30. f4 h6 31. d5 Ne8 32. Ke4 Nd6+ 33. Kd4
gxf4 34. f3 Kf6 35. b5 Nxc4 36. Kxc4 Ke5 37. d6 Kxd6 0-1

[Event "CAN-op U1800"]
[Site "Regina CAN"]
[Date "2019.07.17"]
[Round "8.49"]
[White "Zhou, Felix Tian"]
[Black "Myrzaibraimova, Alia"]
[Result "1-0"]
[WhiteElo "766"]
[BlackElo "1208"]
[PlyCount "68"]
[EventDate "2019.07.12"]
[EventType "swiss"]
[EventRounds "9"]
[EventCountry "CAN"]

1. c4 e5 2. Nc3 Nf6 3. e4 Bc5 4. Be2 d6 5. d3 Be6 6. a3 O-O 7. b4 Bd4 8. Qc2
Nbd7 9. Bg5 c5 10. Rb1 Qb6 11. Na4 Qc7 12. Nf3 a5 13. Nxd4 cxd4 14. b5 d5 15.
b6 Qc6 16. O-O dxe4 17. dxe4 Qxe4 18. Qd2 Qg6 19. Rb5 h6 20. Bxf6 Bh3 21. Bf3
e4 22. Bxe4 Qxe4 23. f3 Qg6 24. Bxd4 Rfd8 25. Rb2 Ne5 26. Qc3 Nd3 27. Rc2 Nf4
28. Rff2 Re8 29. g3 Nd3 30. Rfe2 Rxe2 31. Rxe2 f6 32. Re4 Re8 33. Rxe8+ Qxe8
34. Bf2 Nxf2 1-0

[Event "CAN-op U1800"]
[Site "Regina CAN"]
[Date "2019.07.17"]
[Round "8.50"]
[White "Gran, Chris"]
[Black "Sorgard, Abigail"]
[Result "0-1"]
[WhiteElo "1158"]
[BlackElo "744"]
[PlyCount "58"]
[EventDate "2019.07.12"]
[EventType "swiss"]
[EventRounds "9"]
[EventCountry "CAN"]

1. e4 e5 2. Nf3 Nc6 3. Bb5 Nf6 4. d3 Bc5 5. Bxc6 dxc6 6. O-O Bg4 7. Re1 O-O 8.
h3 Bh5 9. c3 Qe7 10. d4 Rad8 11. Bg5 exd4 12. g4 dxc3 13. Qb3 cxb2 14. Qxb2 Qd6
15. e5 Qd3 16. Kg2 Bxg4 17. hxg4 Nxg4 18. Bxd8 Rxd8 19. Qe2 Qg6 20. Kf1 Qh5 21.
Qc2 Qh3+ 22. Ke2 Qg2 23. Qxc5 b6 24. Qd4 Rxd4 25. Nxd4 Qxf2+ 26. Kd3 Qxe1 27.
Nc2 Nxe5+ 28. Kd4 Qa5 29. a4 h5 0-1

[Event "CAN-op U1800"]
[Site "Regina CAN"]
[Date "2019.07.18"]
[Round "9.31"]
[White "Tcherni, Avram"]
[Black "He, Matthew"]
[Result "0-1"]
[WhiteElo "1637"]
[BlackElo "1161"]
[PlyCount "148"]
[EventDate "2019.07.12"]
[EventType "swiss"]
[EventRounds "9"]
[EventCountry "CAN"]

1. e4 c6 2. d4 d5 3. e5 Bf5 4. g4 Bg6 5. h4 h5 6. g5 e6 7. Bd3 Bxd3 8. Qxd3 Ne7
9. Ne2 Nf5 10. Ng3 Nxg3 11. Qxg3 g6 12. a3 Na6 13. b4 Qb6 14. Qd3 Nc7 15. O-O
a5 16. bxa5 Rxa5 17. a4 Qa7 18. Nc3 Bb4 19. Bb2 Bxc3 20. Qxc3 Rxa4 21. Qb3 Rxa1
22. Rxa1 Qb8 23. Qb4 Nb5 24. Ba3 Nxa3 25. Rxa3 Kd7 26. Rf3 Rf8 27. Rb3 b5 28.
Qc5 Rc8 29. Ra3 Rc7 30. Qd6+ Ke8 31. Ra6 Qb7 32. Qa3 b4 33. Qa5 Qb5 34. Qxc7
Qxa6 35. Qb8+ Ke7 36. Qxb4+ Kd7 37. Qd6+ Ke8 38. Qb8+ Kd7 39. Qd6+ Ke8 40. Qc5
Qb7 41. Kg2 Qd7 42. Kf3 Qb7 43. Ke3 Qc7 44. Kd3 Qd7 45. Kc3 Qc7 46. f3 Qd7 47.
Qb6 Kf8 48. Qb8+ Kg7 49. Kb4 Qe7+ 50. Qd6 Qb7+ 51. Kc3 Qa6 52. Qc5 Qe2 53. Qxc6
Qe3+ 54. Kb2 Qxd4+ 55. Qc3 Qb6+ 56. Ka1 Qf2 57. Kb2 Qxh4 58. Qe3 Qb4+ 59. Kc1
h4 60. f4 h3 61. Qxh3 Qxf4+ 62. Kd1 Qd4+ 63. Qd3 Qg1+ 64. Ke2 Qxg5 65. Qd4 Qg2+
66. Kd3 Qf3+ 67. Kd2 g5 68. Qg1 Qf4+ 69. Qe3 Qxe3+ 70. Kxe3 Kg6 71. Kf3 Kf5 72.
Kg3 Kxe5 73. Kg4 f6 74. Kf3 Kd4 0-1

[Event "CAN-op U1800"]
[Site "Regina CAN"]
[Date "2019.07.18"]
[Round "9.32"]
[White "Gu, Stephanie"]
[Black "Chapman, James"]
[Result "1-0"]
[WhiteElo "1599"]
[BlackElo "1668"]
[PlyCount "71"]
[EventDate "2019.07.12"]
[EventType "swiss"]
[EventRounds "9"]
[EventCountry "CAN"]

1. e4 c5 2. Nc3 d6 3. g3 Nc6 4. Bg2 Nf6 5. d3 a6 6. Be3 Bd7 7. h3 Rc8 8. Qd2 b5
9. Nge2 e6 10. O-O d5 11. exd5 exd5 12. Bg5 Be6 13. Nf4 d4 14. Ncd5 Be7 15.
Nxe7 Qxe7 16. Rfe1 Qd7 17. Re2 O-O 18. Bxf6 gxf6 19. Nh5 Kh8 20. Nxf6 Qa7 21.
Qh6 Bf5 22. Be4 Bg6 23. h4 Rg8 24. Nxh7 f5 25. Nf6+ Bh7 26. Nxh7 Qg7 27. Qxg7+
Rxg7 28. Bxc6 Kxh7 29. Bg2 f4 30. Rae1 Kh6 31. Re6+ Kh7 32. Re7 Rf8 33. Rxg7+
Kxg7 34. g4 f3 35. Bh1 Rf4 36. Re4 1-0

[Event "CAN-op U1800"]
[Site "Regina CAN"]
[Date "2019.07.18"]
[Round "9.33"]
[White "Faust, Steven"]
[Black "Steer, David"]
[Result "1-0"]
[WhiteElo "1677"]
[BlackElo "1766"]
[PlyCount "126"]
[EventDate "2019.07.12"]
[EventType "swiss"]
[EventRounds "9"]
[EventCountry "CAN"]

1. c4 Nf6 2. Nc3 e6 3. e4 d6 4. d4 Be7 5. Nf3 O-O 6. Be2 Nbd7 7. O-O e5 8. dxe5
Nxe5 9. Qc2 Nxf3+ 10. Bxf3 c6 11. h3 Be6 12. Ne2 Nd7 13. Nf4 Ne5 14. Be2 Bd7
15. Rd1 f5 16. c5 Qc8 17. cxd6 Bd8 18. Be3 g5 19. Nd3 Ng6 20. e5 f4 21. Bd4
Bxh3 22. f3 Bf5 23. Qc3 b6 24. b4 Qd7 25. Nf2 Be6 26. Ne4 Nh4 27. Bc4 Re8 28.
Bf2 Nf5 29. Qb3 Kf7 30. a4 Ng7 31. a5 Bxc4 32. Qxc4+ Kg6 33. axb6 Rxe5 34. Rxa7
Rxa7 35. bxa7 Qb7 36. Qc3 Rb5 37. Bc5 Ne6 38. Qd3 Kg7 39. d7 Nxc5 40. Qd4+ Kg6
41. bxc5 Qxa7 42. Qd6+ Kh5 43. Kh2 Qa4 44. Nc3 Qc2 45. Ne4 Rb2 46. Rg1 g4 47.
Qe5+ Kg6 48. Qe6+ Kh5 49. Qxg4+ Kh6 50. Qxf4+ Kg6 51. Qg4+ Kh6 52. Ng3 Bc7 53.
Qh5+ Kg7 54. Qg5+ Qg6 55. Qxg6+ Kxg6 56. Kh3 Rd2 57. Ne4 Rxd7 58. Re1 h5 59.
Nd6 Kg5 60. Re5+ Kg6 61. g4 hxg4+ 62. fxg4 Rh7+ 63. Kg3 Rd7 1-0

[Event "CAN-op U1800"]
[Site "Regina CAN"]
[Date "2019.07.18"]
[Round "9.34"]
[White "Myrzaibraimov, Azamat"]
[Black "Latorre, Spiro"]
[Result "0-1"]
[WhiteElo "1604"]
[BlackElo "1758"]
[PlyCount "67"]
[EventDate "2019.07.12"]
[EventType "swiss"]
[EventRounds "9"]
[EventCountry "CAN"]

1. c4 e6 2. Nc3 Nf6 3. g3 Be7 4. Bg2 O-O 5. d3 d5 6. cxd5 exd5 7. d4 Be6 8. Nf3
h6 9. Bf4 a6 10. Qa4 Nbd7 11. Qc2 Re8 12. Rc1 c6 13. a3 Rc8 14. Ne5 Nxe5 15.
Bxe5 Nd7 16. Bf4 Nf6 17. Qd2 Nh5 18. Be3 Qd7 19. h3 Bd6 20. g4 Nf6 21. f4 Qe7
22. f5 Bxf5 23. gxf5 Qxe3 24. Qxe3 Rxe3 25. Rc2 Rce8 26. Kd1 Rg3 27. Bf3 Rg5
28. Na4 Rxf5 29. Nc5 Re7 30. Nd3 Ne4 31. Kc1 Bc7 32. Bg4 Rf6 33. e3 Ng3 34. Re1
{...} 0-1

[Event "CAN-op U1800"]
[Site "Regina CAN"]
[Date "2019.07.18"]
[Round "9.35"]
[White "Collins, Jacob"]
[Black "Sullivan, Brian"]
[Result "0-1"]
[WhiteElo "1710"]
[BlackElo "1381"]
[PlyCount "80"]
[EventDate "2019.07.12"]
[EventType "swiss"]
[EventRounds "9"]
[EventCountry "CAN"]

1. d4 d5 2. Bf4 Nf6 3. Nf3 e6 4. e3 c5 5. c3 Nc6 6. Nbd2 Be7 7. Ne5 O-O 8. Bd3
Nd7 9. h4 Bf6 10. Nxc6 bxc6 11. Bd6 Be7 12. Bf4 cxd4 13. exd4 c5 14. Nf3 f5 15.
Ng5 Nf6 16. Qe2 Ne4 17. Bxe4 fxe4 18. Qh5 h6 19. Nh3 Qe8 20. Qxe8 Rxe8 21. dxc5
Bxc5 22. Be5 Ba6 23. O-O-O Rf8 24. Nf4 Rae8 25. Nh5 Rf7 26. Rd2 Ref8 27. Re1
Bxf2 28. Bxg7 Bxe1 29. Rd1 Bxh4 30. Bxf8 Kxf8 31. Rd4 Bd3 32. g3 Bg5+ 33. Nf4
Bxf4+ 34. gxf4 Rxf4 35. b3 Rf2 36. Ra4 a6 37. c4 dxc4 38. Rxa6 cxb3 39. Rxe6
b2+ 40. Kd1 b1=Q# 0-1

[Event "CAN-op U1800"]
[Site "Regina CAN"]
[Date "2019.07.18"]
[Round "9.36"]
[White "Singh, Amninder"]
[Black "Maheux, Pierre"]
[Result "0-1"]
[WhiteElo "1463"]
[BlackElo "1665"]
[PlyCount "140"]
[EventDate "2019.07.12"]
[EventType "swiss"]
[EventRounds "9"]
[EventCountry "CAN"]

1. d4 c5 2. c3 e6 3. Bf4 d5 4. e3 Bd6 5. Bg3 Ne7 6. Nf3 Bxg3 7. hxg3 c4 8. Qc2
g6 9. Ne5 Nbc6 10. f4 Nxe5 11. fxe5 Nf5 12. Qf2 Qb6 13. Rh3 Nxe3 14. Na3 Ng4
15. Qd2 h5 16. Be2 Nh6 17. O-O-O Bd7 18. g4 O-O-O 19. gxh5 gxh5 20. Bxh5 Nf5
21. Bxf7 Rxh3 22. gxh3 Rf8 23. Bh5 Qd8 24. Bg4 Qh4 25. Rf1 Rh8 26. Qf2 Ng3 27.
Rg1 Qg5+ 28. Kb1 Ne4 29. Qe2 Qf4 30. Nc2 Rf8 31. Ne3 Qf2 32. Qxf2 Rxf2 33. Rg2
Rf4 34. Bh5 Rf8 35. Rg6 Kd8 36. Bg4 Ke7 37. Rg7+ Rf7 38. Rxf7+ Kxf7 39. Kc1 Kg6
40. Kd1 Kg5 41. Ke2 Kf4 42. Ng2+ Kg3 43. Ne1 b5 44. a3 a5 45. Bf3 Ng5 46. Bg4
Nxh3 47. Bxh3 Kxh3 48. Nc2 Kg3 49. Na1 Be8 50. Nc2 Kf4 51. Ne3 Bh5+ 52. Kd2 Bf3
53. Nf1 Be4 54. Kc1 Bd3 55. Nd2 Ke3 56. b3 a4 57. bxa4 bxa4 58. Kd1 Kf2 59. Kc1
Ke2 60. Nxc4 Bxc4 61. Kc2 Bb3+ 62. Kc1 Kd3 63. Kb2 Kd2 64. c4 Bxc4 65. Kb1 Kd3
66. Kb2 Kxd4 67. Kc2 Kxe5 68. Kc3 Bb3 69. Kd3 d4 70. Kd2 Ke4 0-1

[Event "CAN-op U1800"]
[Site "Regina CAN"]
[Date "2019.07.18"]
[Round "9.37"]
[White "Skop, Mike"]
[Black "Bolduc, Jacques"]
[Result "0-1"]
[WhiteElo "1660"]
[BlackElo "1410"]
[PlyCount "88"]
[EventDate "2019.07.12"]
[EventType "swiss"]
[EventRounds "9"]
[EventCountry "CAN"]

1. f3 e5 2. Nh3 d6 3. Nf2 Nf6 4. c3 Be7 5. Na3 O-O 6. Nc2 c6 7. e4 Be6 8. d4
Nbd7 9. Be2 d5 10. O-O Qc7 11. Kh1 Nb6 12. b3 Rfb8 13. Bb2 c5 14. exd5 Nfxd5
15. c4 Nf4 16. d5 Bf5 17. Ne3 Bg6 18. Qe1 Nxe2 19. Qxe2 Bd6 20. Ne4 Re8 21.
Rad1 Rad8 22. Nxd6 Qxd6 23. Qd2 Nc8 24. Rde1 f6 25. Nd1 Ne7 26. Nc3 Nf5 27. Ne4
Qc7 28. Ba3 b6 29. b4 cxb4 30. Qxb4 a5 31. Qc3 Nd4 32. Rf2 f5 33. Bd6 Rxd6 34.
Nxd6 Qxd6 35. Rb2 Rc8 36. Reb1 Qxd5 37. cxd5 Rxc3 38. Rxb6 f4 39. Rb8+ Kf7 40.
R1b7+ Kf6 41. Rf8+ Kg5 42. h4+ Kxh4 43. Kh2 Rc2 44. d6 Nxf3+ 0-1

[Event "CAN-op U1800"]
[Site "Regina CAN"]
[Date "2019.07.18"]
[Round "9.39"]
[White "Myrzaibraimova, Aibike"]
[Black "Kreuger, Stephen"]
[Result "0-1"]
[WhiteElo "1581"]
[BlackElo "1580"]
[PlyCount "96"]
[EventDate "2019.07.12"]
[EventType "swiss"]
[EventRounds "9"]
[EventCountry "CAN"]

1. e4 Nc6 2. Nf3 f5 3. Nc3 fxe4 4. Nxe4 d5 5. Ng3 e5 6. Bb5 Bg4 7. d3 Qf6 8.
Bxc6+ bxc6 9. h3 Bxf3 10. Qxf3 Qxf3 11. gxf3 g6 12. f4 Bd6 13. Ne2 exf4 14.
Bxf4 Kd7 15. Be3 Nf6 16. O-O-O Rhf8 17. c4 Nh5 18. Kc2 a6 19. c5 Be5 20. d4 Bg7
21. Rde1 Rf7 22. Nc1 Nf4 23. Nd3 Nxd3 24. Kxd3 Rf3 25. Kc3 Bh6 26. Re2 Re8 27.
Kd2 Bxe3+ 28. fxe3 Re4 29. h4 Ke7 30. h5 g5 31. Rhh2 h6 32. Rhf2 Rxf2 33. Rxf2
Rh4 34. Kc3 Rxh5 35. Kb4 g4 36. Ka5 Rg5 37. Kxa6 g3 38. Rg2 h5 39. Kb7 h4 40.
a4 h3 41. Rg1 g2 42. a5 h2 43. Rb1 g1=Q 44. Rxg1 hxg1=Q 45. Kxc6 Qf1 46. b4
Qa6+ 47. Kxc7 Rg8 48. b5 Rc8# 0-1

[Event "CAN-op U1800"]
[Site "Regina CAN"]
[Date "2019.07.18"]
[Round "9.40"]
[White "Menesses, Ryan"]
[Black "Donovan, Ryan"]
[Result "0-1"]
[WhiteElo "1280"]
[BlackElo "1547"]
[PlyCount "76"]
[EventDate "2019.07.12"]
[EventType "swiss"]
[EventRounds "9"]
[EventCountry "CAN"]

1. c4 Nf6 2. g3 e6 3. Bg2 c6 4. Nf3 d5 5. O-O dxc4 6. a4 Be7 7. Na3 O-O 8. Nxc4
Nbd7 9. d4 Nb6 10. Nfe5 Qc7 11. Bf4 Nfd5 12. Bd2 Bd7 13. a5 Nc8 14. Nxd7 Qxd7
15. Ne5 Qc7 16. Qb3 Nd6 17. Rac1 Nb5 18. e4 Nxd4 19. Qd3 Qxe5 20. exd5 Ne2+ 21.
Kh1 Nxc1 22. Bxc1 cxd5 23. Qb3 Qc7 24. Bd2 Rac8 25. Be3 Bf6 26. Bxa7 Qxa5 27.
Be3 b5 28. Rd1 Qa4 29. Qd3 Qc2 30. Qf1 b4 31. Rc1 Qxb2 32. Rb1 Qa2 33. Rxb4 Rb8
34. Bc5 Rxb4 35. Bxb4 Rb8 36. Be1 Rb1 37. Bxd5 Qxd5+ 38. Kg1 Bc3 0-1

[Event "CAN-op U1800"]
[Site "Regina CAN"]
[Date "2019.07.18"]
[Round "9.41"]
[White "Li, Alan"]
[Black "Mayol, John"]
[Result "0-1"]
[WhiteElo "1272"]
[BlackElo "1716"]
[PlyCount "72"]
[EventDate "2019.07.12"]
[EventType "swiss"]
[EventRounds "9"]
[EventCountry "CAN"]

1. e4 e5 2. Nf3 Nc6 3. Bc4 Bc5 4. Nc3 d6 5. h3 Bd7 6. d3 Nd4 7. Nxd4 Bxd4 8.
Ne2 Bb6 9. Ng3 Qh4 10. Qf3 Nf6 11. Be3 O-O 12. Bxb6 axb6 13. O-O g6 14. a3 Kg7
15. Rfe1 c6 16. Qe3 c5 17. b4 b5 18. Bb3 b6 19. Ra2 Rac8 20. Rea1 c4 21. dxc4
bxc4 22. Qxb6 cxb3 23. cxb3 Rc6 24. Qe3 Rfc8 25. Qd2 Nxe4 26. Nxe4 Qxe4 27. a4
Be6 28. Rb2 Rc2 29. Rxc2 Rxc2 30. Qxd6 Bd5 31. f3 Qd4+ 32. Kh1 Qxa1+ 33. Kh2
Bxf3 34. Kg3 Bxg2 35. b5 Qc3+ 36. Kg4 Qxh3+ 0-1

[Event "CAN-op U1800"]
[Site "Regina CAN"]
[Date "2019.07.18"]
[Round "9.42"]
[White "Huang, Winston"]
[Black "Aripuddin, Allan"]
[Result "0-1"]
[WhiteElo "1065"]
[BlackElo "1594"]
[PlyCount "100"]
[EventDate "2019.07.12"]
[EventType "swiss"]
[EventRounds "9"]
[EventCountry "CAN"]

1. d4 d6 2. c4 Nf6 3. Nc3 c6 4. Bg5 Nbd7 5. Nf3 h6 6. Bh4 e6 7. e4 Be7 8. Bg3
Qb6 9. Qb3 Nh5 10. Qxb6 Nxb6 11. Bd3 Nxg3 12. fxg3 d5 13. cxd5 exd5 14. exd5
Nxd5 15. O-O O-O 16. Rae1 Bf6 17. Bc4 Be6 18. Nxd5 cxd5 19. Bb3 Rac8 20. Ne5
Rfd8 21. Rc1 Bg5 22. Rcd1 Rc7 23. Nf3 Bf6 24. Ne5 Rdc8 25. Rfe1 b5 26. a4 bxa4
27. Bxa4 Rb8 28. b3 Rbc8 29. Nf3 g5 30. Ne5 Kg7 31. Rf1 Bxe5 32. dxe5 Rc2 33.
Rf2 R2c3 34. Rf3 R3c5 35. Rf2 Rd8 36. Rfd2 Bg4 37. Re1 Bf5 38. Red1 Be4 39. Re1
Rdc8 40. Red1 R8c7 41. Rd4 Re7 42. b4 Rc3 43. b5 Rxe5 44. Rb4 Bc2 45. Bxc2 Rxc2
46. b6 axb6 47. Rxb6 Ree2 48. Rxd5 Rxg2+ 49. Kf1 Rxh2 50. Rb1 Rh1# 0-1

[Event "CAN-op U1800"]
[Site "Regina CAN"]
[Date "2019.07.18"]
[Round "9.43"]
[White "Gilroy, Shane"]
[Black "Thomson, Bruce"]
[Result "0-1"]
[WhiteElo "1328"]
[BlackElo "1405"]
[PlyCount "73"]
[EventDate "2019.07.12"]
[EventType "swiss"]
[EventRounds "9"]
[EventCountry "CAN"]

1. e4 c6 2. d4 d5 3. exd5 cxd5 4. Nf3 Nc6 5. Bb5 a6 6. Bd3 g6 7. O-O Bg4 8. c3
Bxf3 9. Qxf3 Bg7 10. Re1 Nf6 11. Bg5 O-O 12. Nd2 Qb6 13. Rab1 Rfe8 14. Bxf6
exf6 15. Rxe8+ Rxe8 16. Qxd5 Rd8 17. Qb3 Qc7 18. Re1 b5 19. a4 Na5 20. Qc2 Nc4
21. axb5 axb5 22. Nxc4 bxc4 23. Bf1 f5 24. Qe2 Rc8 25. Ra1 Qc6 26. Ra5 Qb6 27.
Ra4 Bf8 28. Qc2 Rb8 29. Ra2 Bg7 30. Bxc4 Rc8 31. Bd3 Bxd4 32. Ra4 Bg7 33. Rb4
Qe6 34. Bf1 Ra8 35. c4 Qe1 36. Rb3 Ra1 37. Qe2 0-1

[Event "CAN-op U1800"]
[Site "Regina CAN"]
[Date "2019.07.18"]
[Round "9.44"]
[White "Dusaran, Fernando"]
[Black "Li, Avery"]
[Result "0-1"]
[WhiteElo "1265"]
[BlackElo "1365"]
[PlyCount "124"]
[EventDate "2019.07.12"]
[EventType "swiss"]
[EventRounds "9"]
[EventCountry "CAN"]

1. e4 e6 2. c4 d5 3. Nc3 dxe4 4. Nxe4 b6 5. Nf3 Bb7 6. d3 Bxe4 7. dxe4 Qxd1+ 8.
Kxd1 Nf6 9. Bd3 Bc5 10. Be3 Bxe3 11. fxe3 Nbd7 12. Bc2 Nc5 13. Nd2 Rd8 14. Ke2
O-O 15. b4 Na6 16. a3 c5 17. b5 Nb8 18. a4 Nbd7 19. Nf3 Ng4 20. h3 Nge5 21. Nd2
Nf6 22. g4 h6 23. a5 Ra8 24. axb6 axb6 25. Ra6 Rxa6 26. bxa6 Ra8 27. Ra1 Nfd7
28. Bb3 Nb8 29. a7 Nbc6 30. Ra6 Rxa7 31. Rxb6 Na5 32. Ba2 Rb7 33. Rxb7 Nxb7 34.
Nf3 Nd7 35. Bb1 Na5 36. Bd3 Nb3 37. Kd1 Na5 38. Kd2 Nb7 39. Bc2 Nd6 40. Kd3 Nb6
41. Nd2 Kf8 42. Kc3 Ke7 43. Bd3 f6 44. h4 Nf7 45. Nf3 Nd7 46. Kd2 Nfe5 47. Nxe5
Nxe5 48. Be2 Kd6 49. Kc3 Kc6 50. Kc2 Kb6 51. Kc3 Ka5 52. Kb3 Ng6 53. h5 Ne5 54.
Kc3 Nf7 55. Bd1 Ng5 56. Kd2 Nxe4+ 57. Ke1 Kb4 58. Be2 Nd6 59. Kd1 Nxc4 60. Bxc4
Kxc4 61. Kc2 e5 62. Kd2 Kb3 0-1

[Event "CAN-op U1800"]
[Site "Regina CAN"]
[Date "2019.07.18"]
[Round "9.45"]
[White "Trinh, Khoi"]
[Black "Ratte, Daniel"]
[Result "0-1"]
[WhiteElo "994"]
[BlackElo "1212"]
[PlyCount "106"]
[EventDate "2019.07.12"]
[EventType "swiss"]
[EventRounds "9"]
[EventCountry "CAN"]

1. d4 Nf6 2. c4 g6 3. Nc3 Bg7 4. e4 d6 5. Nf3 O-O 6. Be2 e5 7. Be3 Nc6 8. d5
Ne7 9. Nd2 c6 10. g4 cxd5 11. cxd5 b6 12. g5 Nd7 13. h4 f5 14. gxf6 Nxf6 15. h5
Bb7 16. h6 Bh8 17. Rg1 Qe8 18. Nf3 Bc8 19. Nb5 Qd7 20. Ng5 a6 21. Nc3 Qe8 22.
Na4 Rb8 23. Nxb6 Nd7 24. Nxc8 Rxc8 25. Ne6 Rf7 26. Bxa6 Rb8 27. b3 Nf8 28. Qg4
Nxe6 29. Qxe6 Rd8 30. Bb6 Ra8 31. Bb7 Rb8 32. Bc6 Nxc6 33. Qxe8+ Rxe8 34. dxc6
Rc8 35. Rc1 Bf6 36. Ke2 Bh4 37. Rgd1 Rf6 38. c7 d5 39. Rxd5 Rxb6 40. Rd8+ Bxd8
41. cxd8=Q+ Rxd8 42. Rb1 Rf8 43. a4 Rbf6 44. Rf1 Rb8 45. Rb1 Rfb6 46. a5 Rxb3
47. Rxb3 Rxb3 48. a6 Ra3 49. a7 Rxa7 50. Kd3 Kf7 51. Kc4 Ra2 52. Kd5 Rxf2 53.
Kxe5 Rh2 0-1

[Event "CAN-op U1800"]
[Site "Regina CAN"]
[Date "2019.07.18"]
[Round "9.46"]
[White "Sorgard, Abigail"]
[Black "Richardson, Daniel"]
[Result "1/2-1/2"]
[WhiteElo "744"]
[BlackElo "1126"]
[PlyCount "126"]
[EventDate "2019.07.12"]
[EventType "swiss"]
[EventRounds "9"]
[EventCountry "CAN"]

1. e4 e6 2. d4 d5 3. Nc3 Bb4 4. Bd3 Ne7 5. Nf3 Nbc6 6. O-O O-O 7. e5 Nf5 8. Bg5
Be7 9. Bxe7 Qxe7 10. Ne2 b6 11. c3 Na5 12. Nf4 c5 13. Qc2 Rd8 14. dxc5 bxc5 15.
b4 cxb4 16. cxb4 Qxb4 17. Qc7 Qb6 18. Qc3 Nc4 19. Rab1 Qa6 20. Rfc1 Bd7 21. Nd2
Bb5 22. Bxc4 Bxc4 23. Nxc4 Rac8 24. Rb4 dxc4 25. h3 Qxa2 26. Rc2 Qa6 27. Rxc4
Rxc4 28. Qxc4 Qa1+ 29. Kh2 Qxe5 30. Qc8 Rf8 31. g3 Nd4 32. Qc3 Qe4 33. Nh5 Qe5
34. Nf4 h6 35. Ne2 Rd8 36. Nxd4 Qxd4 37. Qf3 Qd5 38. Qf4 a5 39. Rc7 Rf8 40. Ra7
e5 41. Qa4 Qd4 42. Qxd4 exd4 43. Rxa5 Rc8 44. Rd5 Rc4 45. Kg2 f5 46. Rxf5 d3
47. Rd5 Rc3 48. f4 Rc2+ 49. Kf3 Rh2 50. Rxd3 Rxh3 51. Kg4 Rh2 52. Kf5 Kh7 53.
Rd7 Ra2 54. Kg4 Ra5 55. f5 Ra6 56. Kf4 Rf6 57. g4 Kg8 58. g5 hxg5+ 59. Kxg5 Kh7
60. Kf4 Kh6 61. Kg4 g6 62. fxg6 Rxg6+ 63. Kf5 Ra6 1/2-1/2

[Event "CAN-op U1800"]
[Site "Regina CAN"]
[Date "2019.07.18"]
[Round "9.47"]
[White "Jiang, William"]
[Black "Zhou, Felix Tian"]
[Result "1-0"]
[WhiteElo "979"]
[BlackElo "766"]
[PlyCount "79"]
[EventDate "2019.07.12"]
[EventType "swiss"]
[EventRounds "9"]
[EventCountry "CAN"]

1. e4 c5 2. Nc3 Nc6 3. g3 Nf6 4. Bg2 e5 5. Nge2 d6 6. O-O Be7 7. d3 O-O 8. f4
Qb6 9. Kh1 Bd7 10. f5 Qc7 11. h3 Bd8 12. g4 h6 13. Ng3 Kh7 14. h4 Ne8 15. g5
Rg8 16. Qh5 Ne7 17. f6 Ng6 18. fxg7 Rxg7 19. gxh6 Rg8 20. Rxf7+ Kh8 21. h7 Rg7
22. Rxg7 Nxg7 23. Qxg6 Bxh4 24. Nf5 Be8 25. Qg4 Bf6 26. Nd5 Qf7 27. Nxd6 Qf8
28. Nxf6 Qxd6 29. Qh4 Qe7 30. Bg5 Ne6 31. Bh3 Bg6 32. Bxe6 Qxe6 33. Rg1 Qxa2
34. Be3 Qf7 35. Qg5 Bxh7 36. Qh6 Rf8 37. Nxh7 Qf3+ 38. Kh2 Rf7 39. Nf6+ Rh7 40.
Rg8# 1-0

[Event "CAN-op U1800"]
[Site "Regina CAN"]
[Date "2019.07.18"]
[Round "9.48"]
[White "Sorgard, William"]
[Black "Li, Anthony Zongyue"]
[Result "0-1"]
[WhiteElo "845"]
[BlackElo "847"]
[PlyCount "52"]
[EventDate "2019.07.12"]
[EventType "swiss"]
[EventRounds "9"]
[EventCountry "CAN"]

1. e4 c5 2. Bc4 Nc6 3. Nf3 d6 4. O-O Bg4 5. Be2 Nf6 6. Nc3 g6 7. b3 Bg7 8. Bb2
O-O 9. h3 Be6 10. Ng5 Nd4 11. Nxe6 Nxe2+ 12. Nxe2 fxe6 13. Nf4 Qd7 14. e5 Ne4
15. Nd3 b5 16. c4 a6 17. exd6 Bxb2 18. Nxb2 Qxd6 19. Re1 Nxf2 20. Qc2 Qg3 21.
Rxe6 Nxh3+ 22. Kh1 Rf2 23. Rxg6+ hxg6 24. Qe4 Raf8 25. Qe6+ Kg7 26. Rf1 Rxf1#
0-1